| 000 | 00554nam a2200193Ia 4500 | ||
|---|---|---|---|
| 003 | 0100 | ||
| 008 | 130307s9999 xx 000 0 und d | ||
| 040 | _cARRUPELIB | ||
| 050 | _aDC131.G6 | ||
| 100 | _aGottschalk, Louis Reichenthal, 1899-1975 | ||
| 245 | 4 | _aThe era of the French Revolution (1715-1815) | |
| 260 | _aBoston | ||
| 260 | _bHoughton Mifflin Company | ||
| 260 | _c1929 | ||
| 300 | _ax | ||
| 300 | _b509p. 22cm. | ||
| 700 | _aLouis Reichenthal Gottschalk , ed. by James T. Shotwell , Shotwell, James Thompson, 1874-1965 | ||
| 942 | 0 | 0 | _02 |
| 999 |
_c87147 _d87147 |
||